000 00611nam a2200241 i 4500
001 C2-0339526
003 PPAK
005 20180728141703.0
008 161218s2014 enk |||| ||||| | eng d
020 _a9780356502908
040 _aPPAK
_beng
_cPPAK
_erda
082 0 4 _a823
_223
090 0 0 _a823
_bFLE
_dG
100 1 _aFletcher, Charlie,
_eauthor
245 1 4 _aThe over sight
264 1 _aLondon :
_bOrbit ,
_c2014
300 _a436 pages ;
_c23 cm
336 _2rdacontent
_atext
337 _2rdamedia
_aunmediated
338 _2rdacarrier
_avolume
650 1 0 _aEnglish fiction.
942 _ddc
_cB
999 _c136789
_d136789